000 00561nam a2200157Ia 4500
008 210716s2006 xx 000 0 und d
020 _a0471705225
041 _aeng
082 _a658.4038 TURE
100 _aTurban, Efraim;Leidner, Dorothy;Mclean, Ephraim;Wetherbe, James.
245 _aInformation technology for management: transforming organizations in the digital economy.
_bTransforming organizations in the digital economy.
250 _a5
260 _aUSA
_bJohn Wiley and Sons
_c2006
300 _axv,724
650 _aManagement Information Systems
999 _c202901
_d202901